00525nam a22002177a 4500003000500000005001700005008004100022010001000063011001000073035001000083040000900093100002400102245001400126260003100140300002000171490003200191650002100223700001900244700001200263830003200275CHAP20220329140148.0971013s1970 r 00010 d a47919 a48891 a53039 cCHAP00aRhodes, Frank H. T.1 aFósiles aBarcelona :bDaimon,c1970 a160 p.b: ilus. aPequeña biblioteca Daimon14aPaleontología.0 aShaffer, P. R.0 aZim, H.0 aPequeña biblioteca Daimon